000 00633nam a22001337a 4500
040 _cRUA
082 _aAVM CHH 2018 B649 Or.1
100 _aCHHORN PHANITH ឈន ផានិត
245 _afasiciolosis in cattle at roung domery commune, baphnom district, prey veng province ករណីហ្វាស្យូឡាលើសត្វគោនៅឃុំរោងដំរីស្រុកបាភ្នំ ខេត្តព្រៃវែង
260 _aRUA
_bPhnom penh
_c2018
300 _ax;40p
_bill;
_c29cm
856 _uhttps://drive.google.com/file/d/1evoMpXBqMUZFXn2LYzjK8v5Iu2Xd-xIR/view?usp=sharing
942 _cAVM
999 _c18303
_d18303